Derecho del Espacio /

Guardado en:
Bibliografiske detaljer
Institution som forfatter: OEA
Format: Bog
Sprog:spansk
Udgivet: Washington, EUA : OEA, 1967
Fag:
Tags: Tilføj Tag
Ingen Tags, Vær først til at tagge denne postø!

MARC

LEADER 00000nam^a2200000^a^4500
001 000012999
005 20250521000000.0
009 20260310083844.186
037 |a Acervo ITESO - Biblioteca 
041 |a ESP 
082 |a 341. 47  |b ORG 
110 |a OEA 
245 1 0 |a Derecho del Espacio /  |c Organización de los Estados Americanos. 
264 1 |a Washington, EUA :  |b OEA,  |c 1967 
300 |a 415 p. 
336 |a texto  |b txt  |2 rdacontenido 
337 |a sin mediación  |b n  |2 rdamedio 
338 |a volumen  |b nc  |2 rdasoporte 
649 |a XX 
650 |a Derecho Internacional Público 
650 |a Derecho Espacial 
910 |a Fondo General 
920 |a Impresos - Libros 
930 |a Colección General 
905 |a 101 
901 |a 0129990100  |b IT1  |c ACC  |i 012999  |u 20250521 
902 |a https://opac.biblio.iteso.mx/vufind/Record/000012999